[Event "LLO 2017/18"]
[Site "Mecklenburg-Vorpommern"]
[Date "2017.10.08"]
[Round "1.2"]
[White "Floegel, Thomas"]
[Black "Hochgraefe, Hans Juergen"]
[Result "0-1"]
[WhiteElo "1685"]
[BlackElo "1759"]
[PlyCount "122"]
[EventDate "2017.??.??"]
[EventType "team-tourn"]
[EventRounds "9"]
[SourceDate "2017.10.08"]
[WhiteTeam "Ribnitz-Damgarten"]
[BlackTeam "SSC Rostock II"]

1. d4 Nf6 2. c4 e6 3. a3 d5 4. e3 c6 5. Nf3 Bd6 6. Nbd2 Ne4 7. Nxe4 dxe4 8. Nd2
f5 9. Be2 O-O 10. O-O Nd7 11. b4 Qh4 12. f4 g5 13. c5 Bc7 14. Nc4 gxf4 15. exf4
Nf6 16. Ne5 Nd5 17. Bd2 Rf6 18. Be1 Qh6 19. Qb3 Nxf4 20. Qg3+ Ng6 21. Ra2 Qg7
22. Bc3 Nxe5 23. Qxg7+ Kxg7 24. dxe5 Rf8 25. Rd2 Rd8 26. Rfd1 Rxd2 27. Rxd2 Kf8
28. g3 Ke7 29. Kf2 Bd7 30. Ke3 a5 31. Kf4 h6 32. Bc4 axb4 33. axb4 Ra3 34. Rc2
b6 35. Be2 Bd8 36. Bd4 b5 37. h4 Rb3 38. Rb2 Ra3 39. Rb1 Be8 40. Rb2 Kd7 41.
Rb1 Bg6 42. Rb2 Ke8 43. Rb1 Kf7 44. Rb2 Be7 45. Rb1 Kg7 46. Ra1 Rxa1 47. Bxa1
Bf7 48. g4 Bg6 49. h5 Bg5+ 50. Kg3 f4+ 51. Kf2 Bh7 52. Bd4 f3 53. Bf1 Bh4+ 54.
Ke3 Kf7 55. Kd2 Bg3 56. Be3 Bxe5 57. Bxh6 Bd4 58. Be3 Bxe3+ 59. Kxe3 Kf6 60.
g5+ Kxg5 61. Bh3 Bf5 0-1

[Event "LLO 2017/18"]
[Site "Mecklenburg-Vorpommern"]
[Date "2017.10.08"]
[Round "1.3"]
[White "Wurst, Maximilian"]
[Black "Dittschlag, Lothar"]
[Result "1/2-1/2"]
[WhiteElo "1680"]
[BlackElo "1646"]
[PlyCount "64"]
[EventDate "2017.??.??"]
[EventType "team-tourn"]
[EventRounds "9"]
[SourceDate "2017.10.08"]
[WhiteTeam "SSC Rostock II"]
[BlackTeam "Ribnitz-Damgarten"]

1. e4 e5 2. Nf3 Nc6 3. Bc4 Bc5 4. Nc3 Nf6 5. d3 h6 6. a3 d6 7. O-O O-O 8. Be3
Re8 9. h3 a6 10. Qd2 Nd4 11. Bxd4 Bxd4 12. Nxd4 exd4 13. Ne2 c5 14. f4 Be6 15.
Bxe6 Rxe6 16. f5 Re7 17. Rf3 d5 18. Rg3 Kh8 19. exd5 Qxd5 20. Rf1 Rae8 21. Nf4
Qe5 22. Qd1 b5 23. b3 Rc7 24. Rf2 Qd6 25. Kh2 Rce7 26. Rgf3 Re5 27. g4 Nd5 28.
Qd2 Re3 29. Kg2 Nxf4+ 30. Rxf4 Qd5+ 31. Kh2 Re1 32. R4f3 Qe5+ 1/2-1/2

[Event "LLO 2017/18"]
[Site "Mecklenburg-Vorpommern"]
[Date "2017.10.08"]
[Round "1.4"]
[White "Morejko, Wojciech"]
[Black "Worm, Alfred"]
[Result "1/2-1/2"]
[WhiteElo "1608"]
[BlackElo "1618"]
[PlyCount "70"]
[EventDate "2017.??.??"]
[EventType "team-tourn"]
[EventRounds "9"]
[SourceDate "2017.10.08"]
[WhiteTeam "Ribnitz-Damgarten"]
[BlackTeam "SSC Rostock II"]

1. Nf3 Nf6 2. d4 b6 3. g3 Bb7 4. Bg2 e6 5. c4 d5 6. O-O Be7 7. Nc3 O-O 8. cxd5
exd5 9. Bf4 Bd6 10. Bg5 h6 11. Bxf6 Qxf6 12. Re1 c6 13. e4 Bb4 14. e5 Qe6 15.
Rc1 Nd7 16. a3 Be7 17. Ne2 g5 18. h3 f6 19. Qd3 fxe5 20. Nxe5 Nxe5 21. dxe5 Qf7
22. f4 Bc5+ 23. Kh2 Qf5 24. Qxf5 Rxf5 25. g4 Rff8 26. f5 Rae8 27. e6 Bd6+ 28.
Kh1 h5 29. Nd4 Bf4 30. Rc2 c5 31. Ne2 Be5 32. Nc3 Bg3 33. Re3 Bf4 34. Re1 Bg3
35. Re3 Bf4 1/2-1/2

[Event "LLO 2017/18"]
[Site "Mecklenburg-Vorpommern"]
[Date "2017.10.08"]
[Round "1.5"]
[White "Wurst, Oliver"]
[Black "Klugmann, Horst"]
[Result "1/2-1/2"]
[WhiteElo "1608"]
[BlackElo "1631"]
[PlyCount "36"]
[EventDate "2017.??.??"]
[EventType "team-tourn"]
[EventRounds "9"]
[SourceDate "2017.10.08"]
[WhiteTeam "SSC Rostock II"]
[BlackTeam "Ribnitz-Damgarten"]

1. d4 d5 2. Nf3 Nf6 3. c4 e6 4. Nc3 Nbd7 5. Bg5 Be7 6. e3 c6 7. Qc2 O-O 8. Bd3
h6 9. Bh4 dxc4 10. Bxc4 b5 11. Bd3 a6 12. O-O c5 13. Ne4 c4 14. Nxf6+ Bxf6 15.
Bh7+ Kh8 16. Bxf6 Nxf6 17. Be4 Rb8 18. Ne5 Nxe4 1/2-1/2

[Event "LLO 2017/18"]
[Site "Mecklenburg-Vorpommern"]
[Date "2017.10.08"]
[Round "1.6"]
[White "Wehrmann, Horst"]
[Black "Wegner, Michael"]
[Result "1/2-1/2"]
[WhiteElo "1585"]
[BlackElo "1627"]
[PlyCount "101"]
[EventDate "2017.??.??"]
[EventType "team-tourn"]
[EventRounds "9"]
[SourceDate "2017.10.08"]
[WhiteTeam "Ribnitz-Damgarten"]
[BlackTeam "SSC Rostock II"]

1. d4 Nf6 2. c4 e6 3. Nc3 d5 4. e3 b6 5. Nf3 Bb7 6. Bd3 dxc4 7. Bxc4 Be7 8. O-O
O-O 9. a3 c5 10. dxc5 Bxc5 11. Qxd8 Rxd8 12. Ne5 Nbd7 13. Nxd7 Rxd7 14. b4 Bf8
15. Bb2 Rd2 16. Na4 Ne4 17. Bd4 Rc2 18. Bd3 Rc7 19. Rfc1 Rac8 20. Rxc7 Rxc7 21.
Be5 Rc8 22. Bxe4 Bxe4 23. Nc3 Bb7 24. Rc1 f6 25. Bg3 a5 26. Na2 Rxc1+ 27. Nxc1
axb4 28. axb4 Bxb4 29. Bc7 b5 30. f3 Bd2 31. Nb3 Bxe3+ 32. Kf1 Bd5 33. Ke2 Bg1
34. Kf1 Ba7 35. Nc1 Kf7 36. Ke2 Ke7 37. Kd2 Kd7 38. Ba5 Bb8 39. h3 Bf4+ 40. Kc2
Bxc1 41. Kxc1 Kd6 42. Bb4+ Ke5 43. Kd2 Kd4 44. Bf8 g6 45. Bg7 Ke5 46. Ke3 h5
47. g4 hxg4 48. hxg4 g5 49. Bf8 Bc4 50. Bb4 Bf1 51. Bc3+ 1/2-1/2

[Event "LLO 2017/18"]
[Site "Mecklenburg-Vorpommern"]
[Date "2017.10.08"]
[Round "1.7"]
[White "Wurst, Benedikt"]
[Black "Zierke, Udo"]
[Result "0-1"]
[WhiteElo "1545"]
[BlackElo "1597"]
[PlyCount "55"]
[EventDate "2017.??.??"]
[EventType "team-tourn"]
[EventRounds "9"]
[SourceDate "2017.10.08"]
[WhiteTeam "SSC Rostock II"]
[BlackTeam "Ribnitz-Damgarten"]

1. e4 e5 2. Nf3 Nc6 3. Bc4 Bc5 4. Nc3 Nf6 5. d3 O-O 6. Bg5 h6 7. Bh4 Bb4 8. O-O
Bxc3 9. bxc3 d6 10. Qd2 Bg4 11. Rab1 Na5 12. Bb3 Nxb3 13. Rxb3 b6 14. h3 Bxf3
15. gxf3 Qe7 16. Kh2 Qe6 17. Rg1 Nh5 18. Bg3 f5 19. exf5 Rxf5 20. Qe2 Raf8 21.
Ra3 a5 22. Kg2 Qf6 23. d4 Nxg3 24. Qc4+ Rf7 25. fxg3 Rxf3 26. dxe5 Rf2+ 27. Kh1
Qf3+ 28. Rg2 0-1

[Event "LLO 2017/18"]
[Site "Mecklenburg-Vorpommern"]
[Date "2017.10.08"]
[Round "1.8"]
[White "Claus, Jens"]
[Black "Kallweit, Paul"]
[Result "1-0"]
[WhiteElo "1562"]
[BlackElo "1395"]
[PlyCount "73"]
[EventDate "2017.??.??"]
[EventType "team-tourn"]
[EventRounds "9"]
[SourceDate "2017.10.08"]
[WhiteTeam "Ribnitz-Damgarten"]
[BlackTeam "SSC Rostock II"]

1. d4 d5 2. c4 e6 3. Nc3 Nf6 4. Nf3 Be7 5. e3 O-O 6. Bd3 c6 7. O-O a6 8. c5
Nbd7 9. Qc2 h6 10. b3 a5 11. Na4 Qc7 12. Bb2 Ne8 13. Ne5 Nxe5 14. dxe5 Bd8 15.
Nb6 Ra7 16. f4 Qb8 17. Nxc8 Qxc8 18. f5 exf5 19. Bxf5 Qb8 20. Rf3 Nc7 21. Bh7+
Kh8 22. Bg6 Bg5 23. Rxf7 Rxf7 24. Bxf7 Bxe3+ 25. Kh1 Qf8 26. e6 Bxc5 27. Qc1 d4
28. Qd2 Qd6 29. Rc1 Bb6 30. Rf1 Ra8 31. Rf6 Kh7 32. Bc1 Qf8 33. Bg6+ Kg8 34.
Rxf8+ Rxf8 35. Bf7+ Kh8 36. Qe2 Nd5 37. e7 1-0

[Event "LLO 2017/18"]
[Site "Mecklenburg-Vorpommern"]
[Date "2017.10.08"]
[Round "1.1"]
[White "Voelschow, Siegfried"]
[Black "Schulz, Daniel"]
[Result "1-0"]
[WhiteElo "1874"]
[BlackElo "1764"]
[PlyCount "79"]
[EventDate "2017.??.??"]
[EventType "team-tourn"]
[EventRounds "9"]
[SourceDate "2017.10.08"]
[WhiteTeam "Waterkant Saal"]
[BlackTeam "SG Neubrandenburg II"]

1. e4 d5 2. exd5 Nf6 3. d4 Nxd5 4. Nf3 Bg4 5. Be2 e6 6. O-O Be7 7. c4 Nf6 8.
Nc3 O-O 9. h3 Bh5 10. g4 Bg6 11. Ne5 c6 12. Bf3 Nbd7 13. Bg2 Nxe5 14. dxe5 Nd7
15. f4 h6 16. Be3 Bh7 17. Qe2 Qc7 18. Rad1 Rad8 19. Qf2 Nb6 20. c5 Nd5 21. Nxd5
cxd5 22. Bd4 Rfe8 23. f5 Bf8 24. b4 a5 25. b5 exf5 26. gxf5 Rxe5 27. Bxe5 Qxe5
28. Rfe1 Qxf5 29. Qxf5 Bxf5 30. Rxd5 Rxd5 31. Bxd5 Bxc5+ 32. Kg2 b6 33. Re5 Bd3
34. Re8+ Kh7 35. Be4+ Bxe4+ 36. Rxe4 Kg6 37. Rc4 Bb4 38. Rc6+ Kg5 39. Rxb6 f5
40. Rc6 1-0

[Event "LLO 2017/18"]
[Site "Mecklenburg-Vorpommern"]
[Date "2017.10.08"]
[Round "1.2"]
[White "Hoerhold, Martin"]
[Black "Wiese, Frank"]
[Result "0-1"]
[WhiteElo "1732"]
[BlackElo "1903"]
[PlyCount "80"]
[EventDate "2017.??.??"]
[EventType "team-tourn"]
[EventRounds "9"]
[SourceDate "2017.10.08"]
[WhiteTeam "SG Neubrandenburg II"]
[BlackTeam "Waterkant Saal"]

1. e4 c6 2. d4 d5 3. e5 c5 4. dxc5 Nc6 5. Nf3 Bg4 6. Bb5 e6 7. Be3 Qa5+ 8. Nc3
Nge7 9. h3 Bxf3 10. gxf3 Nf5 11. a3 Nxe3 12. fxe3 Be7 13. Rg1 g6 14. Qd2 Bh4+
15. Kf1 Be7 16. Kg2 Qc7 17. Bxc6+ Qxc6 18. b4 O-O 19. Ne2 b6 20. Nd4 Qc7 21.
cxb6 axb6 22. f4 Rfc8 23. Rgb1 Qd7 24. Rb3 f6 25. exf6 Bxf6 26. Rc3 Rxc3 27.
Qxc3 Rc8 28. Qd3 Rc4 29. c3 Bxd4 30. exd4 Qc7 31. Rc1 Qxf4 32. Rf1 Qg5+ 33. Kh2
Qe7 34. Qg3 Rc8 35. Qe5 Rxc3 36. Qb8+ Kg7 37. Qe5+ Kh6 38. Rf6 Rxa3 39. Rxe6
Qh4 40. Qxd5 Qg3+ 0-1

[Event "LLO 2017/18"]
[Site "Mecklenburg-Vorpommern"]
[Date "2017.10.08"]
[Round "1.3"]
[White "Onasch, Gunnar"]
[Black "Dupke, Andreas"]
[Result "0-1"]
[WhiteElo "1804"]
[BlackElo "1741"]
[PlyCount "138"]
[EventDate "2017.??.??"]
[EventType "team-tourn"]
[EventRounds "9"]
[SourceDate "2017.10.08"]
[WhiteTeam "Waterkant Saal"]
[BlackTeam "SG Neubrandenburg II"]

1. d4 Nf6 2. c4 g6 3. Nc3 Bg7 4. e4 d6 5. f3 e5 6. d5 O-O 7. Be3 a5 8. Nge2 Na6
9. Nc1 Nd7 10. Be2 f5 11. O-O Qh4 12. Nd3 c5 13. dxc6 bxc6 14. Qa4 Bb7 15. c5
d5 16. Nxd5 cxd5 17. Qxd7 Rf7 18. Qa4 dxe4 19. c6 Bc8 20. Rae1 Qd8 21. fxe4 f4
22. Bf2 f3 23. Bxf3 Rxf3 24. gxf3 Bh3 25. Qc4+ Kh8 26. Rd1 Qg5+ 27. Bg3 Qe3+
28. Rf2 Nc7 29. Nxe5 Be6 30. Nf7+ Kg8 31. Qd3 Qc5 32. Bxc7 Kxf7 33. Qd6 Qg5+
34. Qg3 Qc5 35. Qf4+ Kg8 36. Qd6 Qg5+ 37. Rg2 Qe3+ 38. Rf2 Bxa2 39. Qd2 Qc5 40.
e5 Qxc6 41. Qc3 Qe6 42. Rd6 Qf5 43. f4 Bf8 44. Qc6 Rc8 45. Rdd2 Bb4 46. Rd4
Qg4+ 47. Kh1 Qh4 48. Re2 Qh3 49. Rg2 Bb1 50. Qc4+ Kf8 51. e6 Qe3 52. Bd6+ Bxd6
53. Qxc8+ Kg7 54. Qd7+ Kh6 55. Rd1 Be4 56. Qxd6 Qe2 57. Qd2 Bxg2+ 58. Kg1 Qg4
59. f5+ g5 60. Kf2 Qf3+ 61. Kg1 Qg4 62. Qxg2 Qxd1+ 63. Kf2 Qc2+ 64. Kg3 Qxf5
65. Qh3+ Qxh3+ 66. Kxh3 Kg6 67. Kg4 h5+ 68. Kg3 Kf6 69. h4 g4 0-1

[Event "LLO 2017/18"]
[Site "Mecklenburg-Vorpommern"]
[Date "2017.10.08"]
[Round "1.4"]
[White "Rehbein, Hans Juergen"]
[Black "Richter, Frank"]
[Result "1/2-1/2"]
[WhiteElo "1708"]
[BlackElo "1711"]
[PlyCount "41"]
[EventDate "2017.??.??"]
[EventType "team-tourn"]
[EventRounds "9"]
[SourceDate "2017.10.08"]
[WhiteTeam "SG Neubrandenburg II"]
[BlackTeam "Waterkant Saal"]

1. b3 Nf6 2. Bb2 e6 3. g3 d5 4. Bg2 Be7 5. Nf3 O-O 6. O-O c5 7. d3 Nc6 8. Nbd2
Qc7 9. c4 Rd8 10. cxd5 exd5 11. Rc1 Qb6 12. Ne5 Nxe5 13. Bxe5 Be6 14. Qc2 Rac8
15. Rb1 Ng4 16. Ba1 h5 17. h3 Nh6 18. e4 Qd6 19. exd5 Bxd5 20. Nc4 Qc6 21. Ne5
1/2-1/2

[Event "LLO 2017/18"]
[Site "Mecklenburg-Vorpommern"]
[Date "2017.10.08"]
[Round "1.5"]
[White "Nickel, Reimo"]
[Black "Suckow, Ingo"]
[Result "1/2-1/2"]
[WhiteElo "1693"]
[BlackElo "1736"]
[PlyCount "31"]
[EventDate "2017.??.??"]
[EventType "team-tourn"]
[EventRounds "9"]
[SourceDate "2017.10.08"]
[WhiteTeam "Waterkant Saal"]
[BlackTeam "SG Neubrandenburg II"]

1. d4 Nf6 2. c4 g6 3. Nc3 Bg7 4. Nf3 O-O 5. e3 d6 6. Be2 Nbd7 7. O-O c6 8. h3
e5 9. dxe5 dxe5 10. b3 Qe7 11. Bb2 a5 12. Qc1 Rd8 13. Ba3 Qe8 14. Rd1 Bf8 15.
Bxf8 Qxf8 16. Qd2 1/2-1/2

[Event "LLO 2017/18"]
[Site "Mecklenburg-Vorpommern"]
[Date "2017.10.08"]
[Round "1.6"]
[White "Sommer, Hans Hermann"]
[Black "Ehmann, Roland"]
[Result "1/2-1/2"]
[WhiteElo "1713"]
[BlackElo "1599"]
[PlyCount "98"]
[EventDate "2017.??.??"]
[EventType "team-tourn"]
[EventRounds "9"]
[SourceDate "2017.10.08"]
[WhiteTeam "SG Neubrandenburg II"]
[BlackTeam "Waterkant Saal"]

1. e4 e5 2. Nf3 Nf6 3. Nc3 d6 4. Bc4 h6 5. d3 Be7 6. h3 O-O 7. O-O c6 8. Bb3
Be6 9. d4 Bxb3 10. axb3 Nbd7 11. Be3 a6 12. dxe5 dxe5 13. Qe2 Qc7 14. Rfd1 Nc5
15. Nd2 b5 16. f3 Ne6 17. Nf1 Nd4 18. Qf2 c5 19. Ng3 b4 20. Na4 Nd7 21. Nf5 Bf6
22. Bxd4 cxd4 23. c3 Nc5 24. Qg3 Nxb3 25. Ra2 Kh7 26. cxd4 g6 27. Ne3 Bg5 28.
Nd5 Qc2 29. Qe1 Nxd4 30. Nab6 Qc5 31. Kh1 Ra7 32. Qxb4 Qxb4 33. Nxb4 Rb8 34.
N6d5 a5 35. Rxd4 exd4 36. Nc6 Rbb7 37. Nxa7 Rxa7 38. g3 Bd8 39. Kg2 Rb7 40. Kf2
Rb3 41. Ke2 g5 42. Ra3 Rxb2+ 43. Kd3 Rh2 44. Kxd4 Rxh3 45. g4 Kg6 46. e5 h5 47.
Re3 hxg4 48. fxg4 Rxe3 49. Kxe3 a4 1/2-1/2

[Event "LLO 2017/18"]
[Site "Mecklenburg-Vorpommern"]
[Date "2017.10.08"]
[Round "1.7"]
[White "Nickel, Udo"]
[Black "Lange, Ingo"]
[Result "1-0"]
[WhiteElo "1600"]
[BlackElo "1726"]
[PlyCount "108"]
[EventDate "2017.??.??"]
[EventType "team-tourn"]
[EventRounds "9"]
[SourceDate "2017.10.08"]
[WhiteTeam "Waterkant Saal"]
[BlackTeam "SG Neubrandenburg II"]

1. d4 Nf6 2. Nf3 g6 3. c4 Bg7 4. Nc3 d5 5. e3 O-O 6. Bd3 b6 7. cxd5 Nxd5 8. O-O
Bb7 9. a3 Nd7 10. Qe2 c5 11. Nxd5 Bxd5 12. e4 Bb7 13. d5 a6 14. a4 Qc7 15. Rb1
Rfc8 16. b3 a5 17. Bb2 Bxb2 18. Qxb2 Nb8 19. Rbd1 Ba6 20. Rfe1 Bxd3 21. Rxd3
Na6 22. Rc3 Qf4 23. g3 Qf6 24. Qc1 Nb4 25. Qe3 Rd8 26. Rc4 Rac8 27. Rd1 Rd7 28.
Rcc1 Rcd8 29. Kg2 Qb2 30. Rb1 Qf6 31. Rd2 e6 32. dxe6 fxe6 33. Rbd1 Nc2 34. Qe2
Rxd2 35. Rxd2 Rxd2 36. Qxd2 Nd4 37. Qd3 Nxf3 38. Qxf3 Kf7 39. e5 Qxf3+ 40. Kxf3
g5 41. Ke4 Ke7 42. h3 Kd7 43. f4 h6 44. f5 exf5+ 45. Kxf5 Ke7 46. g4 Kf7 47.
e6+ Ke7 48. Ke5 Kf8 49. Kd6 Ke8 50. e7 b5 51. axb5 a4 52. bxa4 c4 53. b6 c3 54.
b7 c2 1-0

[Event "LLO 2017/18"]
[Site "Mecklenburg-Vorpommern"]
[Date "2017.10.08"]
[Round "1.8"]
[White "Peters, Hans Joachim"]
[Black "Stark, Jens"]
[Result "1-0"]
[WhiteElo "1634"]
[BlackElo "1231"]
[PlyCount "69"]
[EventDate "2017.??.??"]
[EventType "team-tourn"]
[EventRounds "9"]
[SourceDate "2017.10.08"]
[WhiteTeam "SG Neubrandenburg II"]
[BlackTeam "Waterkant Saal"]

1. e4 e5 2. Nf3 d6 3. Bc4 Bg4 4. d3 a6 5. h3 Bxf3 6. Qxf3 Nf6 7. Nc3 b5 8. Bb3
c6 9. O-O h6 10. Ne2 a5 11. a3 Be7 12. Ng3 g6 13. Be3 Nbd7 14. Qe2 c5 15. f4
exf4 16. Bxf4 g5 17. Bd2 Ne5 18. Bc3 Qd7 19. Nf5 a4 20. Ba2 g4 21. Bxe5 dxe5
22. hxg4 O-O-O 23. Qf3 h5 24. Nxe7+ Qxe7 25. Qxf6 Qxf6 26. Rxf6 h4 27. Raf1 h3
28. Bxf7 hxg2 29. Kxg2 Rh4 30. Be6+ Kc7 31. Rf8 Rd6 32. R1f7+ Kb6 33. Rb8+ Ka6
34. Bc8+ Ka5 35. Ra7+ 1-0

[Event "LLO 2017/18"]
[Site "Mecklenburg-Vorpommern"]
[Date "2017.11.12"]
[Round "2.1"]
[White "Menkhaus, Wolf Dieter"]
[Black "Armbruester, Clemens"]
[Result "1/2-1/2"]
[WhiteElo "1832"]
[BlackElo "1706"]
[PlyCount "24"]
[EventDate "2017.??.??"]
[EventType "team-tourn"]
[EventRounds "9"]
[SourceDate "2017.10.08"]
[WhiteTeam "SSC Rostock II"]
[BlackTeam "SG Guestrow/Teterow II"]

1. d4 d5 2. c4 c6 3. Nc3 e6 4. e3 Nf6 5. Nf3 Nbd7 6. Qc2 a6 7. a4 Qa5 8. Bd2
Bb4 9. c5 b6 10. cxb6 Qxb6 11. Be2 c5 12. O-O Bb7 1/2-1/2

[Event "LLO 2017/18"]
[Site "Mecklenburg-Vorpommern"]
[Date "2017.11.12"]
[Round "2.2"]
[White "Ebert, Lutz"]
[Black "Herde, Dittmar"]
[Result "1/2-1/2"]
[WhiteElo "1723"]
[BlackElo "1803"]
[PlyCount "37"]
[EventDate "2017.??.??"]
[EventType "team-tourn"]
[EventRounds "9"]
[SourceDate "2017.10.08"]
[WhiteTeam "SG Guestrow/Teterow II"]
[BlackTeam "SSC Rostock II"]

1. Nf3 Nf6 2. b4 d5 3. Bb2 e6 4. b5 Bd7 5. e3 a6 6. a4 axb5 7. axb5 Rxa1 8.
Bxa1 c6 9. bxc6 Nxc6 10. Ne5 Nxe5 11. Bxe5 Bb4 12. c3 Ba5 13. Bd6 Ne4 14. Ba3
Bc6 15. Bd3 Qg5 16. Qf3 f5 17. Bxe4 dxe4 18. Qg3 Qxg3 19. hxg3 1/2-1/2

[Event "LLO 2017/18"]
[Site "Mecklenburg-Vorpommern"]
[Date "2017.11.12"]
[Round "2.3"]
[White "Maertin, Heinz"]
[Black "Joers, Pia Milena"]
[Result "1-0"]
[WhiteElo "1739"]
[BlackElo "1623"]
[PlyCount "111"]
[EventDate "2017.??.??"]
[EventType "team-tourn"]
[EventRounds "9"]
[SourceDate "2017.10.08"]
[WhiteTeam "SSC Rostock II"]
[BlackTeam "SG Guestrow/Teterow II"]

1. e4 c6 2. d4 d5 3. Nc3 dxe4 4. Nxe4 Bf5 5. Ng3 Bg6 6. Nf3 h6 7. h4 e6 8. h5
Bh7 9. Bd3 Bxd3 10. Qxd3 Nf6 11. Qe2 Bd6 12. Bd2 O-O 13. O-O-O Qc7 14. Ne4 Nxe4
15. Qxe4 Nd7 16. g4 Nf6 17. Qe2 Bf4 18. Rdg1 Nh7 19. Ne5 Bxd2+ 20. Qxd2 f6 21.
Ng6 Rfe8 22. f4 Rad8 23. Qe3 Rc8 24. Kb1 c5 25. dxc5 Qxc5 26. Qxc5 Rxc5 27. Rd1
Nf8 28. Rhe1 Nxg6 29. hxg6 Rc7 30. Rxe6 Rec8 31. Red6 Kf8 32. Rd8+ Rxd8 33.
Rxd8+ Ke7 34. Rg8 Ke6 35. f5+ Ke5 36. Rf8 Kd6 37. b3 Ke7 38. Rg8 Kd6 39. c4 b6
40. Kc2 Re7 41. Kd3 Kc5 42. Rf8 Rd7+ 43. Ke3 Kd6 44. b4 Ke7 45. Rf7+ Ke8 46.
Rxd7 Kxd7 47. Kd4 Kc6 48. b5+ Kd6 49. a4 Kc7 50. c5 Kd7 51. c6+ Kd6 52. Ke4 a6
53. Kd4 axb5 54. axb5 Kc7 55. Kd5 Kd8 56. Ke6 1-0

[Event "LLO 2017/18"]
[Site "Mecklenburg-Vorpommern"]
[Date "2017.11.12"]
[Round "2.4"]
[White "Janisch, Harald"]
[Black "Wurst, Maximilian"]
[Result "1/2-1/2"]
[WhiteElo "1545"]
[BlackElo "1680"]
[PlyCount "82"]
[EventDate "2017.??.??"]
[EventType "team-tourn"]
[EventRounds "9"]
[SourceDate "2017.10.08"]
[WhiteTeam "SG Guestrow/Teterow II"]
[BlackTeam "SSC Rostock II"]

1. e4 e5 2. Nf3 Nc6 3. Bc4 Bc5 4. Nc3 Nf6 5. d3 h6 6. O-O d6 7. h3 O-O 8. a3
Be6 9. Bxe6 fxe6 10. Na4 Bb6 11. Nxb6 axb6 12. Be3 d5 13. exd5 exd5 14. d4 e4
15. Nd2 Ne7 16. f3 exf3 17. Rxf3 Ne4 18. Nxe4 dxe4 19. Rf4 Qd5 20. c3 Nf5 21.
Qe2 Nxe3 22. Qxe3 Rxf4 23. Qxf4 c5 24. Re1 Re8 25. Qe3 b5 26. Rf1 cxd4 27. Qxd4
Qxd4+ 28. cxd4 e3 29. Re1 Kf7 30. Kf1 Re4 31. d5 Ke7 32. Ke2 Kd6 33. Rd1 Re5
34. b3 b6 35. Rd3 h5 36. Rxe3 Kxd5 37. Rxe5+ Kxe5 38. Ke3 h4 39. a4 bxa4 40.
bxa4 Kd5 41. Kd3 Kc5 1/2-1/2

[Event "LLO 2017/18"]
[Site "Mecklenburg-Vorpommern"]
[Date "2017.11.12"]
[Round "2.5"]
[White "Worm, Alfred"]
[Black "Dettmann, Juergen"]
[Result "1/2-1/2"]
[WhiteElo "1618"]
[BlackElo "1486"]
[PlyCount "154"]
[EventDate "2017.??.??"]
[EventType "team-tourn"]
[EventRounds "9"]
[SourceDate "2017.10.08"]
[WhiteTeam "SSC Rostock II"]
[BlackTeam "SG Guestrow/Teterow II"]

1. e4 c5 2. Nf3 Nc6 3. c3 e6 4. d4 cxd4 5. cxd4 Bb4+ 6. Bd2 Nf6 7. Bxb4 Nxb4 8.
Nc3 O-O 9. a3 Nc6 10. Bd3 a6 11. O-O b6 12. Qc2 h6 13. e5 Ne8 14. Be4 d5 15.
Bd3 Ne7 16. b4 Nc7 17. Rac1 Bd7 18. Na4 Nb5 19. Qb3 Nf5 20. Bxf5 exf5 21. Nc3
Nxc3 22. Rxc3 Bb5 23. Rfc1 Bc4 24. Qd1 f6 25. exf6 Qxf6 26. Ne5 Rad8 27. Nxc4
dxc4 28. Rxc4 Rd6 29. Qb3 Rfd8 30. Rc8+ Kh7 31. Rxd8 Qxd8 32. Qd3 Rxd4 33.
Qxf5+ g6 34. Qf7+ Kh8 35. g3 g5 36. Qb7 Rd1+ 37. Rxd1 Qxd1+ 38. Kg2 Qd3 39.
Qxb6 Qd5+ 40. f3 Kh7 41. Qxa6 Qd2+ 42. Kh3 Qe3 43. Qb7+ Kh8 44. Qc8+ Kg7 45.
Qd7+ Kh8 46. Qc8+ Kh7 47. Qb7+ Kh8 48. a4 Qe6+ 49. g4 Qe1 50. Qb8+ Kg7 51. Qa7+
Kh8 52. Qd4+ Kg8 53. Kg2 Qe2+ 54. Qf2 Qa6 55. Qa2+ Kh8 56. b5 Qa5 57. Qc2 Qb4
58. Qc8+ Kg7 59. Qc7+ Kh8 60. Qc2 Kg7 61. Kg3 Qf4+ 62. Kg2 Qb4 63. Kf2 Kh8 64.
Ke2 Kg7 65. Qc7+ Kf6 66. b6 Qxa4 67. Qc3+ Ke7 68. Qc7+ Ke6 69. b7 Qa2+ 70. Kf1
Qb1+ 71. Kg2 Qb2+ 72. Kg3 Qb4 73. b8=Q Qe1+ 74. Kg2 Qe2+ 75. Kh3 Qf1+ 76. Kg3
Qg1+ 77. Kh3 Qf1+ 1/2-1/2

[Event "LLO 2017/18"]
[Site "Mecklenburg-Vorpommern"]
[Date "2017.11.12"]
[Round "2.6"]
[White "Wisliceny, Juergen"]
[Black "Wegner, Michael"]
[Result "1/2-1/2"]
[WhiteElo "1675"]
[BlackElo "1627"]
[PlyCount "58"]
[EventDate "2017.??.??"]
[EventType "team-tourn"]
[EventRounds "9"]
[SourceDate "2017.10.08"]
[WhiteTeam "SG Guestrow/Teterow II"]
[BlackTeam "SSC Rostock II"]

1. Nf3 d5 2. d4 Nf6 3. g3 Bf5 4. Bg2 e6 5. O-O Bd6 6. c4 dxc4 7. Qa4+ c6 8.
Qxc4 Be4 9. Nc3 Bg6 10. Nh4 O-O 11. Nxg6 hxg6 12. Qb3 Qc8 13. Bg5 Nbd7 14. Rac1
Qb8 15. Ne4 Nxe4 16. Bxe4 Re8 17. Bg2 Nf6 18. e4 Bc7 19. e5 Nd5 20. Bxd5 exd5
21. Be3 Qc8 22. f4 Rb8 23. Qd1 f5 24. b4 Qd7 25. Qb3 a6 26. a3 Re6 27. h4 Kf7
28. Rf2 Bd8 29. Rh2 Be7 1/2-1/2

[Event "LLO 2017/18"]
[Site "Mecklenburg-Vorpommern"]
[Date "2017.11.12"]
[Round "2.7"]
[White "Birkholz, Karl Lukas"]
[Black "Jaster, Steven"]
[Result "1/2-1/2"]
[WhiteElo "1639"]
[BlackElo "1398"]
[PlyCount "101"]
[EventDate "2017.??.??"]
[EventType "team-tourn"]
[EventRounds "9"]
[SourceDate "2017.10.08"]
[WhiteTeam "SSC Rostock II"]
[BlackTeam "SG Guestrow/Teterow II"]

1. e4 c5 2. Nf3 Nc6 3. Bb5 g6 4. O-O Bg7 5. Re1 a6 6. Bxc6 bxc6 7. c3 Nf6 8. e5
Nd5 9. d4 cxd4 10. cxd4 O-O 11. Nc3 Nxc3 12. bxc3 d6 13. Bf4 Bf5 14. Qd2 c5 15.
exd6 exd6 16. Bh6 Re8 17. Bxg7 Kxg7 18. Rxe8 Qxe8 19. Re1 Qb5 20. dxc5 dxc5 21.
Qd5 Rb8 22. h3 Be6 23. Qe5+ Kg8 24. Qe2 Qxe2 25. Rxe2 Rb1+ 26. Kh2 Rc1 27. Ng5
Rxc3 28. Nxe6 fxe6 29. Rxe6 Ra3 30. Rc6 Rxa2 31. Rxc5 Rxf2 32. Rc8+ Kg7 33.
Rc7+ Kh6 34. Ra7 Ra2 35. Kg3 a5 36. Kf3 a4 37. Ra5 a3 38. h4 Ra1 39. Kf2 a2 40.
Kg3 Kg7 41. Ra3 h6 42. Kf2 Rh1 43. Rxa2 Rxh4 44. Kg3 g5 45. Ra6 Rf4 46. Ra5 Kg6
47. Ra6+ Rf6 48. Ra8 h5 49. Rg8+ Kf5 50. Kh2 Kg4 51. Ra8 1/2-1/2

[Event "LLO 2017/18"]
[Site "Mecklenburg-Vorpommern"]
[Date "2017.11.12"]
[Round "2.8"]
[White "Kalettka, Joachim"]
[Black "Kallweit, Paul"]
[Result "1/2-1/2"]
[WhiteElo "1268"]
[BlackElo "1395"]
[PlyCount "54"]
[EventDate "2017.??.??"]
[EventType "team-tourn"]
[EventRounds "9"]
[SourceDate "2017.10.08"]
[WhiteTeam "SG Guestrow/Teterow II"]
[BlackTeam "SSC Rostock II"]

1. e4 c5 2. Nf3 e6 3. d4 cxd4 4. Nxd4 a6 5. Nc3 Qc7 6. g3 Nc6 7. Nxc6 dxc6 8.
Be3 b5 9. Bg2 Bb7 10. O-O Nf6 11. Qe2 Be7 12. Rfd1 O-O 13. Rd3 Rfd8 14. Rad1
Rxd3 15. Rxd3 Rd8 16. Rxd8+ Qxd8 17. Qd2 Qxd2 18. Bxd2 e5 19. h3 c5 20. Be3 Nd7
21. Kf1 Nb6 22. Nd5 Bxd5 23. exd5 Nc4 24. b3 Nxe3+ 25. fxe3 f5 26. e4 g6 27.
Ke2 Kf7 1/2-1/2